logo

Bir Sreshtho Munshi Abdur Rouf Library
Jhenaidah Cadet College

স্ব-নির্বাচিত শ্রেষ্ঠ গল্প / (Record no. 1448)

MARC details
000 -LEADER
fixed length control field 00760nam a2200217 a 4500
001 - CONTROL NUMBER
JCCL Control Number 1448
003 - CONTROL NUMBER IDENTIFIER
JCCL marc code BD-JhCC
005 - DATE AND TIME OF LATEST TRANSACTION
control field 20171104191059.0
008 - FIXED-LENGTH DATA ELEMENTS--GENERAL INFORMATION
fixed length control field 171019s1394 ii |||| ||a| 000 0 ben d
035 ## - SYSTEM CONTROL NUMBER
system control number (BD-JhCC)1448
040 ## - CATALOGING SOURCE
Original cataloging agency BD-JhCC
Modifying agency BD-JhCC
041 ## - LANGUAGE CODE
Language code of Book ben
082 ## - DEWEY DECIMAL CLASSIFICATION NUMBER
Classification number 891.4435
Author mark and Year MUK 1394
100 ## - MAIN ENTRY--PERSONAL NAME
Personal name মুখোপাধ্যায়, বিভূতিভূষণ
245 ## - TITLE STATEMENT
Title স্ব-নির্বাচিত শ্রেষ্ঠ গল্প /
Statement of responsibility, etc বিভূতিভূষণ মুখোপাধ্যায়,
260 ## - PUBLICATION, DISTRIBUTION, ETC. (IMPRINT)
Place of publication, distribution, etc কলকাতা :
Name of publisher, distributor, etc মডেল পাবলিশিং হাউস,
Date of publication, distribution, etc 1394
300 ## - PHYSICAL DESCRIPTION
Pagination 345 p.;
Dimensions 24 cm.
650 ## - SUBJECT ADDED ENTRY--TOPICAL TERM
Topical term or geographic name as entry element Collection of Stories, Bengali
942 ## - ADDED ENTRY ELEMENTS (KOHA)
Source of classification or shelving scheme Dewey Decimal Classification
Koha item type Books
Holdings
Source of classification or shelving scheme Damaged status Not for loan Home library Current library Shelving location Cost, normal purchase price Total Checkouts Full call number Barcode Date last seen Copy number Koha item type volume number Date of accession
Dewey Decimal Classification     JCC Rouf Library JCC Rouf Library General Stacks 45.00   891.4435 MUK 1394 2555 10/19/2017 C-2 Books    
Dewey Decimal Classification     JCC Rouf Library JCC Rouf Library General Stacks 45.00   891.4435 MUK 1394 4300 11/04/2017 C-2 Books V-2 11/04/2017

JCC Library | Contacts | JCC Home

Last Update on 23 September 2017
Copyright @ 2017-2020 JCC Rouf Library
Rouf Library, Jhenidah Cadet College (JCC), Bangladesh